[Event "HCL-A2569"]
[Site "www.playchess.de"]
[Date "2006.02.23"]
[Round "5"]
[White "zemljanin"]
[Black "Maillard"]
[WhiteElo "1415"]
[BlackElo "1522"]
[PlyCount "59"]
[Result "1-0"]

1.d4 {hi}  d5 {hi, where are you from?}  2.c4 
{drag your mouse over my flag...}  c6 {my mouse is 
confused: Great Britain, Australia, Norway, New 
Zealand, Chile, USA, France, Argentina, 
Belgium...? Or are you a penguin?}  3.c5 {you are 
complitely right, all these countries claim rights 
on my country and when I eat sushi I transform in 
a pinguin... and you, you are mongoloid?}  g6 
{maybe, i have a very big tongue. and when i was 
young i had a girlfriend named sushi. did you eat 
her? why?}  4.Nd2 {as usual we take all fish fresh 
and not smelly so I had to do it cause we couldn't 
preserve her...take care of your tongue, might 
hurt if it's off-another specialty of ours-creme 
d' tongue}  Bg7 {oh my god. never in my short life 
I fell in love with a fishlike fishlike. where am 
I? cooking and chess playing penguins? that must 
be the "purgatoire" my mongo-ma told me about 
often when I was learning this dammned game...}  
5.Nb3 Qc7 6.g3 a5 7.a4 Bd7 8.Bg2 e6 9.Nf3 e5 
10.dxe5 Bxe5 11.Nxe5 Qxe5 12.Qd4 Qxd4 13.Nxd4 Na6 
14.Be3 Ne7 15.O-O Nxc5 16.Nxc6 bxc6 17.Bxc5 h5 
18.b4 axb4 19.Bxb4 f5 20.a5 Ra6 21.Rfb1 Kf7 22.e3 
Rb8 23.Bf1 Rxb4 24.Bxa6 Rxb1+ 25.Rxb1 c5 26.Bb7 c4 
27.a6 Bc6 28.a7 {hello queen...}  c3 {hello}  
29.a8Q d4 {merci pour la partie!}  30.Bxc6 {de 
rien!}  1-0

[Event "HCL-B3852"]
[Site "www.playchess.de"]
[Date "2006.02.23"]
[Round "9"]
[White "knightprancer"]
[Black "nico21"]
[WhiteElo "1243"]
[BlackElo "1512"]
[PlyCount "90"]
[Result "0-1"]

1.d4 { All the the best ! Are you a hockey fan? 
The Czech Republic has a great ice hockey history 
!}  Nf6 {Thanks. Yes I hope that Torino will be 
second Nagano. NY Rangers are czech team. Prucha 
is one of the best rookie and Jagr is the best. 
But my favourite team is Edmonton Oilers.}  2.e3 
{I cheer for the Montreal Canadiens and they have 
a Czech player named Radek Bonk who who they 
aquired in the summer and he is a good defensive 
forward and great at killing penalies!}  d5 {Bulis 
is nominate in Olympic Games. Were you in Forum?}  
3.Nd2 {Yes I was back in the 70's but unfortunatly 
the Canadiens were on the road so I settled to see 
the circus. The old Forum was quite the hockey 
arena ,alot of history inside thos walls ! Sorry I 
forgot about Jan B ,he has been hot of as late !}  
e6 4.Bd3 { I've seen Montreal play in their new 
arena and Toronto in the old Maple Leaf Gardens. 
Martin Rucinsky having a good year . Have you 
heard of Petr Kanko ?}  c5 {I think that Kanko 
play in Sweden}  5.c3 {Kanko played for the 
Kitchener Rangers,a junior A hockey team from 
Ontario Canada.He's a great body checker and a 
deadly goal sniper.I think La Kings drafted him.}  
a6 6.f4 {I wonder if Hasek will be in goal for the 
Czech Olympic tean in February?}  Nc6 7.Ngf3 cxd4 
8.cxd4 Bb4 9.O-O Ng4 10.Qe2 h6 11.Ne5 Ngxe5 
12.fxe5 Be7 13.Qh5 {Yesterday ,Mario Lemieux of 
Pittsburg Penguins announced his retirement as a 
player and is stepping down as CEO of the hockey 
team due to heart problems. Do you get much NHL 
hockey news over in your country other then 
internet ?}  O-O 14.Rf3 Qe8 15.Rg3 {Is soccer as 
popular as hockey in your country ?}  Kh8 16.Nf3 
Nb4 17.Be2 f6 18.Qxe8 Rxe8 19.Bd1 Nd3 20.Be2 Nxc1 
21.Rxc1 f5 22.a3 Bd8 23.h4 b5 24.h5 Bb7 25.Kf2 Rc8 
26.Rxc8 Bxc8 27.Rh3 Rf8 28.Rh1 f4 29.Rc1 Bd7 30.b3 
fxe3+ 31.Kxe3 Kg8 32.a4 bxa4 33.bxa4 a5 34.Bb5 
Bxb5 35.axb5 Kh8 36.Rc8 Bg5+ 37.Nxg5 {nice move !} 
 Rxc8 {thanks}  38.Nxe6 {ypur welcome}  a4 39.Nc5 
a3 40.b6 a2 41.b7 Rb8 42.e6 a1Q 43.Kd3 Qf1+ 44.Ke3 
Qxg2 45.Kf4 Qg5+ 0-1

[Event "HCL-A2598"]
[Site "www.playchess.de"]
[Date "2006.02.23"]
[Round "18"]
[White "mrchess"]
[Black "froilo"]
[WhiteElo "1470"]
[BlackElo "1463"]
[PlyCount "100"]
[Result "0-1"]

1.d4 {good luck}  Nf6 2.Nf3 e6 {thanks, same wish} 
 3.e3 d5 4.Ne5 Bd6 5.f4 Nbd7 6.Nd2 c5 7.c3 cxd4 
8.exd4 O-O 9.Bd3 g6 10.O-O Nh5 11.Rf3 f6 12.Nxg6 
hxg6 13.Bxg6 Ng7 14.Rh3 f5 15.Nf3 Qf6 16.Bh7+ Kf7 
17.Ng5+ Ke7 18.Qe1 Nb6 19.b3 Bd7 20.a4 a5 21.Ba3 
Rae8 22.Qe5 Qxe5 23.fxe5 Bxa3 24.Rxa3 Rfh8 25.Rh6 
Rec8 26.b4 Nxa4 27.Rh3 axb4 28.cxb4 Rc2 29.Rag3 
Rb2 30.Nf3 Ne8 31.Rg8 Rxg8 32.Bxg8 Rxb4 33.Rh7+ 
Kd8 34.Ng5 Rb6 35.Nf7+ Kc7 36.Ng5 Kc8 37.Bf7 Kd8 
38.Rh8 Nc3 39.Kf2 Ne4+ 40.Nxe4 fxe4 41.h4 Rb2+ 
42.Kg1 Ke7 43.Bg6 Bb5 44.h5 e3 45.h6 Rf2 46.h7 
Rf1+ 47.Kh2 e2 48.Rxe8+ Bxe8 49.Bd3 e1Q 50.Bxf1 
Qh4+ 0-1

[Event "HCL-C4165"]
[Site "www.playchess.de"]
[Date "2006.02.23"]
[Round "15"]
[White "Skipper_Robert"]
[Black "Veltliner"]
[WhiteElo "987"]
[BlackElo "1382"]
[PlyCount "83"]
[Result "1-0"]

1.e4 {Viel Spaß}  e6 2.Nc3 Bb4 3.Bc4 Nf6 4.Qf3 O-O 
5.d4 d6 6.Bd2 c6 7.Nge2 Nbd7 8.a3 Ba5 9.b4 Bc7 
10.g4 Nb6 11.Bd3 e5 12.h3 Be6 13.d5 cxd5 14.exd5 
Nfxd5 15.Bf5 Nxc3 16.Bxc3 Bd5 17.Be4 Bxe4 18.Qxe4 
d5 19.Qf5 d4 20.Bd2 Qd5 21.Rg1 Bd8 22.h4 Bxh4 
23.g5 f6 24.g6 hxg6 25.Qxg6 Rf7 26.Bh6 Bg5 27.Bxg5 
fxg5 28.Qxg5 Raf8 29.O-O-O Qf3 30.Qxe5 Qxa3+ 
31.Kb1 Nc4 32.Qxd4 Qxb4+ 33.Kc1 b5 34.Nf4 Qa3+ 
35.Kb1 Qf3 36.Ne6 Qf6 37.Qxf6 R7xf6 38.Nxg7 Kf7 
39.Rd7+ Kg8 {(offering draw)}  40.Ne6+ {laß es uns 
bitte zu Ende spielen!}  Kh8 41.Rh1+ Kg8 
42.Rg7+ 1-0

[Event "HCL-B3872"]
[Site "www.playchess.de"]
[Date "2006.02.23"]
[Round "7"]
[White "German04"]
[Black "ama49"]
[WhiteElo "1151"]
[BlackElo "1138"]
[PlyCount "57"]
[Result "1-0"]

1.e4 {Hi}  e5 {Hello again}  2.Nf3 {how is going?} 
 Nc6 3.Bb5 a6 4.Bc4 Nf6 5.Nc3 h6 6.O-O Be7 7.d3 d6 
8.Ne2 O-O 9.h3 b5 10.Bb3 a5 11.a4 b4 12.Be3 Ba6 
13.Nh4 Nh7 14.Nf5 Bf6 15.c3 bxc3 16.bxc3 Bb7 17.f3 
Bg5 18.Bf2 Nf6 19.h4 Bf4 20.Qe1 h5 21.g3 Bh6 
22.Qd1 Bc8 23.Nxh6+ gxh6 24.Qd2 Ba6 25.Qxh6 Bxd3 
26.Rfe1 d5 27.exd5 Nb8 28.Nc1 Qd6 
29.Nxd3 1-0

[Event "HCL-E1539"]
[Site "www.playchess.de"]
[Date "2006.02.23"]
[Round "27"]
[White "Dutchin"]
[Black "mrchess"]
[WhiteElo "1637"]
[BlackElo "1437"]
[PlyCount "53"]
[Result "1-0"]

1.Nf3 {Hallo weer}  d6 {hoi}  2.e4 c5 3.d4 cxd4 
4.Nxd4 Nc6 5.Nc3 Nf6 6.Bg5 Qb6 7.Nb3 Ng4 8.Qd2 {Er 
moeten nog wat bestanden goedgekeurd worden op de 
vertalerspagina. Wil jij dat doen?}  g6 {ik heb er 
een aantal gedaan}  9.f3 {bedankt}  Nge5 10.Nd5 
Qd8 11.O-O-O Bg7 12.Bh6 O-O 13.h4 Nc4 14.Bxc4 Ne5 
15.Be2 b6 16.Bxg7 Kxg7 17.h5 Bb7 18.hxg6 fxg6 
19.Qh6+ Kf7 20.Qxh7+ Ke8 21.Nd4 Rf7 22.Qh8+ Kd7 
23.Bb5+ Nc6 24.Qh3+ Ke8 25.Nxc6 Qc7 26.Nxc7+ Kf8 
27.Qh8+ 1-0

[Event "HCL-B3707"]
[Site "www.playchess.de"]
[Date "2006.02.24"]
[Round "2"]
[White "aussie"]
[Black "ppadala"]
[WhiteElo "1026"]
[BlackElo "1243"]
[PlyCount "74"]
[Result "0-1"]

1.e4 e5 2.Nf3 Nc6 3.Bb5 a6 4.Bxc6 dxc6 5.O-O Bd6 
6.d3 Bg4 7.Nbd2 Nf6 8.c4 O-O 9.Qc2 c5 10.b3 Ne8 
11.h3 Bh5 12.a3 Bg6 13.Bb2 Qe7 14.Nh4 Qxh4 15.Nf3 
Qe7 16.Rfe1 b5 17.Qd2 c6 18.Qg5 Qxg5 19.Nxg5 h6 
20.Nf3 f6 21.Nh4 Bh7 22.Re2 Nc7 23.Nf3 Ne6 24.g3 
Nd4 25.Nxd4 cxd4 26.Rc1 c5 27.Rce1 g5 28.g4 Kg7 
29.f3 Bg6 30.Kg2 h5 31.Bc1 hxg4 32.hxg4 Rfb8 
33.Rb2 a5 34.Ra2 a4 35.b4 cxb4 36.axb4 Bxb4 
37.Ree2 bxc4 0-1

[Event "HCL-A2586"]
[Site "www.playchess.de"]
[Date "2006.02.24"]
[Round "5"]
[White "dynamike"]
[Black "Felipe_Lungov"]
[WhiteElo "1431"]
[BlackElo "1274"]
[PlyCount "36"]
[Result "0-1"]

1.e4 e6 2.d4 d5 3.Nc3 Bb4 4.e5 c5 5.a3 Bxc3+ 
6.bxc3 c4 7.Qg4 Kf8 8.a4 Ne7 9.Bg5 Nbc6 10.Ne2 h6 
11.Bh4 g5 12.Ng3 gxh4 13.Nh5 Nf5 14.Nf6 Nce7 
15.Qh5 Ng8 16.g4 Nxf6 17.exf6 Nd6 18.Qxh4 
Ne4 0-1

[Event "HCL-E1500"]
[Site "www.playchess.de"]
[Date "2006.02.24"]
[Round "9"]
[White "ados99"]
[Black "Roadkill"]
[WhiteElo "1431"]
[BlackElo "1858"]
[PlyCount "88"]
[Result "0-1"]

1.e4 c5 {hi good luck}  2.Nf3 d6 3.d4 cxd4 4.Nxd4 
Nf6 5.Nc3 a6 6.Bd3 e5 7.Nf3 Qc7 8.O-O Be7 9.Bg5 
Nbd7 10.Bxf6 Nxf6 11.a4 b6 12.Qd2 O-O 13.b3 Bg4 
14.Be2 Rfc8 15.Nd5 Nxd5 16.exd5 Qxc2 17.Qxc2 Rxc2 
18.Bc4 Bxf3 19.gxf3 a5 20.Rfe1 g5 21.Kg2 Rc8 22.h3 
h5 23.Kf1 Kg7 24.Kg2 Bf6 25.Rac1 Rxc1 26.Rxc1 Rc5 
27.Kg3 Bd8 28.Re1 f5 29.Re2 Kg6 30.Re1 Bf6 31.Re2 
h4+ 32.Kg2 Kh5 33.Kh2 g4 34.fxg4+ fxg4 35.hxg4+ 
Kxg4 36.Kg2 h3+ 37.Kh2 Bg5 38.Rc2 Bf4+ 39.Kh1 Kf3 
40.Rc3+ Kxf2 41.Rxh3 Rc7 42.Rh8 Rg7 43.Rh2+ Bxh2 
44.Kxh2 Rh7+ 0-1

[Event "ACL-T157"]
[Site "www.playchess.de"]
[Date "2006.02.24"]
[Round "9"]
[White "puddschini"]
[Black "BDG_Girl"]
[WhiteElo "2101"]
[BlackElo "1753"]
[PlyCount "43"]
[Result "1/2-1/2"]

1.e4 c5 2.Nf3 d6 3.d4 cxd4 4.Qxd4 Nc6 {Merry 
Christmas and may God Bless you and your family!}  
5.Bb5 {Hi, Merry Christmas to you and your family 
too.}  a6 {Happy New Year!}  6.Bxc6+ {Thanks, sam 
to you. And all your dreams may com true.}  bxc6 
7.O-O e5 8.Qd3 Nf6 9.c4 Be7 10.Nc3 O-O 11.c5 Bg4 
12.cxd6 Qxd6 13.Qxd6 Bxd6 14.Bg5 Rab8 15.Rfd1 Rfd8 
16.b3 h6 17.Bxf6 gxf6 18.Rd3 Be7 19.Rad1 Rxd3 
20.Rxd3 Kh7 21.h3 Be6 22.Nh4 {(offering draw)} 
 1/2-1/2

[Event "HCL-B3817"]
[Site "www.playchess.de"]
[Date "2006.02.24"]
[Round "8"]
[White "pegasus"]
[Black "Kannsnich"]
[WhiteElo "1155"]
[BlackElo "1232"]
[PlyCount "66"]
[Result "0-1"]

1.e4 c6 2.e5 d5 3.d4 Bf5 4.g4 Be4 5.f3 Bg6 6.h4 h6 
7.h5 Bh7 8.Nc3 e6 9.Nge2 Nd7 10.Bh3 c5 11.Nf4 cxd4 
12.Nb5 Qa5+ 13.Bd2 Qxb5 14.Bf1 Qc6 15.Rc1 Nxe5 
16.c3 d3 17.Bg2 Be7 18.a4 Nc4 19.b4 Nxd2 20.Qxd2 
Bg5 21.b5 Qc4 22.Ra1 Bxf4 23.Qb2 d2+ 24.Kd1 Rc8 
25.Ra3 Ne7 26.Bf1 Bd3 27.Bxd3 Qxd3 28.c4 Qxc4 
29.Rc3 Qxc3 30.Qxc3 Rxc3 31.a5 Rc1+ 32.Ke2 Rxh1 
33.a6 d1Q+ 0-1

[Event "HCL-A2588"]
[Site "www.playchess.de"]
[Date "2006.02.24"]
[Round "2"]
[White "Djusta"]
[Black "dynamike"]
[WhiteElo "1268"]
[BlackElo "1442"]
[PlyCount "56"]
[Result "0-1"]

1.e4 c5 2.Nf3 Nc6 3.a3 Qc7 4.Nc3 a6 5.d4 cxd4 
6.Nxd4 e6 7.Nxc6 bxc6 8.Bc4 Nf6 9.Be3 Nxe4 10.Nxe4 
d5 11.Bxd5 cxd5 12.Ng3 Bb7 13.O-O Bd6 14.c3 O-O 
15.Qd4 e5 16.Qg4 Bc8 17.Qe2 f5 18.Bd2 Qf7 19.Qd3 
f4 20.Ne2 e4 21.Qd4 Be6 22.Rad1 Qh5 23.Rfe1 f3 
24.Ng3 Bxg3 25.hxg3 fxg2 26.Kxg2 Bh3+ 27.Kg1 Rad8 
28.c4 Qf3 0-1

[Event "HCL-A2576"]
[Site "www.playchess.de"]
[Date "2006.02.24"]
[Round "2"]
[White "Spotsychess"]
[Black "GED"]
[WhiteElo "1448"]
[BlackElo "1433"]
[PlyCount "48"]
[Result "0-1"]

1.e4 c5 {hello from liverpool, and good luck!}  
2.Bc4 e6 3.Nc3 {You too}  Nc6 4.d3 Nf6 5.Nf3 d5 
6.exd5 exd5 7.Bb5 a6 8.Bxc6+ bxc6 9.O-O Be7 10.Re1 
O-O 11.Ne5 Qc7 12.h3 Bd6 13.f4 Nd7 14.Nxd7 Bxd7 
15.Qf3 Rae8 16.Bd2 Qb6 17.Rab1 Rxe1+ 18.Bxe1 Re8 
19.Bf2 Qb8 20.b3 Qb4 21.Be1 Rxe1+ 22.Rxe1 Qxc3 
23.Qe2 Kf8 24.a4 Qd4+ 0-1

[Event "HCL-C4010"]
[Site "www.playchess.de"]
[Date "2006.02.24"]
[Round "7"]
[White "arsenio"]
[Black "boya1"]
[WhiteElo "1121"]
[BlackElo "800"]
[PlyCount "63"]
[Result "1-0"]

1.e4 Nc6 2.Nf3 d5 3.exd5 Qxd5 4.Nc3 Qa5 5.Bc4 Nf6 
6.d4 e6 7.Bd2 Bb4 8.a3 O-O 9.axb4 Qh5 10.O-O Rd8 
11.Ne2 b5 12.Bb3 Bb7 13.Ng3 Qg6 14.c3 Ne8 15.Bc2 
f5 16.Ng5 a5 17.bxa5 Nxa5 18.Re1 Rd6 19.Bf4 Rb6 
20.b4 Nc6 21.Nxe6 Ne7 22.Rxa8 Bxa8 23.Nxc7 Nxc7 
24.Bxc7 Qc6 25.d5 Nxd5 26.Bxb6 Nxb6 27.Qd8+ Kf7 
28.Qe7+ Kg6 29.Re6+ Qxe6 30.Qxe6+ Kg5 31.Qxf5+ Kh4 
32.Qh5+ 1-0

[Event "HCL-M844"]
[Site "www.playchess.de"]
[Date "2006.02.24"]
[Round "35"]
[White "spidey"]
[Black "ktln2001"]
[WhiteElo "1897"]
[BlackElo "1688"]
[PlyCount "49"]
[Result "1-0"]

1.e4 {hello again.}  e6 {Greetings. Let's try this 
again.}  2.d4 d5 3.Nd2 Nf6 4.e5 Nfd7 5.c3 c5 6.Bd3 
Nc6 7.Ne2 cxd4 8.cxd4 f6 9.exf6 Nxf6 10.O-O Bd6 
11.Nf3 O-O 12.Bg5 Qb6 13.b3 Bd7 14.Bh4 Rae8 15.Bg3 
e5 16.dxe5 Nxe5 17.Nxe5 Bxe5 18.Bxe5 Rxe5 19.Nd4 
Ne4 20.Bxe4 Rxe4 21.Nf3 d4 22.Nd2 Rg4 23.Nc4 Qg6 
24.g3 Qf6 25.f4 1-0

[Event "HCL-M883"]
[Site "www.playchess.de"]
[Date "2006.02.24"]
[Round "2"]
[White "temple"]
[Black "cinephos"]
[WhiteElo "1731"]
[BlackElo "2072"]
[PlyCount "44"]
[Result "0-1"]

1.d4 {Hello aain.}  Nf6 {Hello again. Nice to meet 
you again.}  2.c4 e6 3.Nf3 b6 4.a3 Bb7 5.Nc3 d5 
6.e3 Nbd7 7.Bd3 dxc4 8.Bxc4 Be7 9.O-O O-O 10.b4 c5 
11.bxc5 bxc5 12.d5 Nb6 13.Bb3 c4 14.Bc2 Nbxd5 
15.Bb2 Qc7 16.Qe2 Rac8 17.a4 Nb4 18.Nb5 Qb8 19.Bb1 
Rfd8 20.Bd4 a6 21.Nc3 Ng4 22.h3 
Bxf3 0-1

[Event "HCL-C3983"]
[Site "www.playchess.de"]
[Date "2006.02.24"]
[Round "9"]
[White "arsenius"]
[Black "willi_weizenkeim"]
[WhiteElo "840"]
[BlackElo "997"]
[PlyCount "151"]
[Result "1-0"]

1.e4 b6 2.d4 Bb7 3.Nc3 e6 4.Bd3 Bb4 5.Bd2 Nf6 6.f3 
O-O 7.Nge2 Nc6 8.a3 Bxc3 9.Bxc3 d6 10.O-O a5 11.f4 
Ng4 12.Ng3 Qh4 13.h3 Ne3 14.Qe2 Nxf1 15.Kxf1 Qxg3 
16.d5 Qh2 17.Kf2 Qxf4+ 18.Qf3 Qxf3+ 19.gxf3 Ne7 
20.Rg1 g6 21.Bf6 Nc8 22.h4 exd5 23.exd5 Bxd5 24.c4 
Be6 25.h5 a4 26.h6 c6 27.Bg7 Re8 28.Re1 Ne7 29.f4 
d5 30.cxd5 Nxd5 31.Kf3 Nc7 32.Rc1 Bd5+ 33.Kg4 Re3 
34.Bf1 Bf3+ 35.Kh4 Re4 36.Kg3 Bh5 37.Rxc6 Ne6 
38.Be5 f5 39.Rxe6 b5 40.Bxb5 Kf7 41.Rf6+ Ke7 
42.Rd6 Ra5 43.Rd7+ Ke6 44.Rd6+ Ke7 45.Rb6 Ra7 
46.Bd6+ Kf7 47.Bb4 Re3+ 48.Kf2 Rf3+ 49.Ke1 Rxf4 
50.Bc3 Re7+ 51.Kd2 Rf2+ 52.Kd3 Be2+ 53.Kd4 Re4+ 
54.Kc5 Bxb5 55.Kxb5 g5 56.Rf6+ Ke7 57.Rg6 Rh2 
58.Rg7+ Ke6 59.Rxh7 Reh4 60.Rg7 g4 61.Rg6+ Kd7 
62.Bg7 f4 63.Rf6 Rxb2+ 64.Kxa4 f3 65.Rf7+ Ke6 
66.Rf6+ Kd5 67.Rf5+ Ke4 68.Re5+ Kf4 69.Re7 f2 
70.Rf7+ Kg3 71.Bxb2 Rxh6 72.Bd4 Rh2 73.Be5+ Kg2 
74.Rxf2+ Kxf2 75.Bxh2 Ke3 76.Kb5 1-0

[Event "HCL-C4016"]
[Site "www.playchess.de"]
[Date "2006.02.24"]
[Round "11"]
[White "Idris"]
[Black "Milosforman"]
[WhiteElo "880"]
[BlackElo "928"]
[PlyCount "62"]
[Result "0-1"]

1.e4 c5 2.d4 cxd4 3.Qxd4 e6 4.Bc4 Nc6 5.Qe3 Ne5 
6.b3 Nxc4 7.bxc4 b6 8.Nf3 Bb4+ 9.Nc3 Bxc3+ 10.Qxc3 
Nf6 11.Bf4 O-O 12.O-O Nxe4 13.Qe5 Bb7 14.Rfe1 f6 
15.Qb2 e5 16.Rad1 exf4 17.Qd4 f5 18.Qxd7 Qxd7 
19.Rxd7 Bc6 20.Ne5 Bxd7 21.Nxd7 Rfe8 22.f3 Nc3 
23.Ra1 Rad8 24.Nxb6 axb6 25.a4 Rd1+ 26.Rxd1 Nxd1 
27.h3 Re1+ 28.Kh2 Nf2 29.g4 fxg4 30.hxg4 Re2 
31.Kg1 Rxc2 0-1

[Event "HCL-B3853"]
[Site "www.playchess.de"]
[Date "2006.02.24"]
[Round "6"]
[White "JRockne"]
[Black "unclcarle"]
[WhiteElo "1097"]
[BlackElo "1057"]
[PlyCount "32"]
[Result "0-1"]

1.e4 e5 {Hello again.  have a good game}  2.Nf3 
Nc6 3.Nc3 {Yes.  I am looking forward to a good 
game.}  Bb4 {I will do my best to accomodate. :)}  
4.a3 {If I can keep my blunders to a minimum we 
should have a nice game.}  Bxc3 {Gee, I say that 
every game about myself.  :)}  5.bxc3 Nf6 6.Bb5 
O-O 7.Bxc6 dxc6 8.Bb2 Nxe4 9.Qe2 Qd5 10.O-O Bg4 
11.h3 Bxf3 12.gxf3 Ng5 13.Kh2 Nxf3+ 14.Kg3 e4 
15.Bc1 Rad8 16.c4 Qg5+ {good game} 
 0-1

[Event "HCL-E1530"]
[Site "www.playchess.de"]
[Date "2006.02.24"]
[Round "6"]
[White "Alex87"]
[Black "hakam_kilani"]
[WhiteElo "2100"]
[BlackElo "2000"]
[PlyCount "46"]
[Result "0-1"]

1.e4 d5 2.exd5 Qxd5 3.Nc3 Qa5 4.d4 c6 5.Bc4 Nf6 
6.Bd2 Qc7 7.Qe2 Bg4 8.f3 Bf5 9.g4 Bxc2 10.Nh3 e6 
11.Bf4 Bd6 12.Bxd6 Qxd6 13.Qxc2 Qxd4 14.Bd3 Nbd7 
15.O-O-O Qe3+ 16.Kb1 Qxf3 17.Ng5 Qxg4 18.Rhg1 Qh4 
19.Nge4 O-O 20.Nxf6+ Nxf6 21.Rdf1 Rad8 22.Ne2 Nd5 
23.Qb3 b5 0-1

[Event "HCL-E1489"]
[Site "www.playchess.de"]
[Date "2006.02.24"]
[Round "1"]
[White "meteoro"]
[Black "Wernswig"]
[WhiteElo "1511"]
[BlackElo "1476"]
[PlyCount "78"]
[Result "0-1"]

1.c4 e5 2.Nc3 Nf6 3.e4 Bc5 4.d3 d6 5.Bg5 Be6 6.Nf3 
Nbd7 7.Be2 O-O 8.O-O c6 9.a3 a5 10.Na4 Ba7 11.b4 
b5 12.cxb5 cxb5 13.Nb2 a4 14.Qd2 Qb6 15.Be3 Qb7 
16.Rac1 Bxe3 17.Qxe3 d5 18.Ng5 d4 19.Qd2 h6 
20.Nxe6 fxe6 21.Rc2 Rac8 22.Rfc1 Rxc2 23.Qxc2 Qa7 
24.Qc7 Qb8 25.h3 Qxc7 26.Rxc7 Rb8 27.Rc6 Rb6 
28.Rc8+ Kh7 29.g3 Nb8 30.f3 Nfd7 31.g4 Rc6 32.Rxc6 
Nxc6 {happy new year!}  33.Bd1 {and to you too}  
Ne7 34.Kg2 Ng6 35.Kg3 Nf4 36.h4 g5 37.hxg5 hxg5 
38.Kf2 Kg7 39.Bc2 Kf6 0-1

[Event "HCL-A2428"]
[Site "www.playchess.de"]
[Date "2006.02.24"]
[Round "9"]
[White "tiit145"]
[Black "ados99"]
[WhiteElo "1572"]
[BlackElo "1415"]
[PlyCount "102"]
[Result "0-1"]

1.d4 {Hello!Have a good game, good luck.Tiit}  d6 
{Hi - lets hope the game is interesting! -good 
luck}  2.h4 {Hello!OK!}  g6 3.e4 Bg7 4.h5 b6 
5.hxg6 fxg6 6.Nf3 Bb7 7.Bb5+ Nd7 8.O-O c6 9.Bc4 
Qc7 10.Ng5 Nf8 11.Bf7+ Kd8 12.Bc4 Nh6 13.Kh2 d5+ 
14.g3 dxc4 15.Rh1 Bc8 16.Kg2 Ke8 17.Nf3 Nf7 18.Na3 
b5 19.c3 Bg4 20.Nc2 Ng5 21.Nce1 Bxf3+ 22.Nxf3 Nxf3 
23.Qxf3 Ne6 24.Be3 Qd7 25.Rh2 h5 26.Rah1 Rf8 
27.Qe2 Rf7 28.f3 Rf8 29.Ra1 a5 30.a4 Nc7 31.g4 
hxg4 32.f4 Kf7 33.Rah1 Rfh8 34.axb5 cxb5 35.d5 
Rxh2+ 36.Rxh2 Rh8 37.Rxh8 Bxh8 38.e5 Nxd5 39.Bd2 
Qf5 40.Kg3 e6 41.Qxg4 Qxg4+ 42.Kxg4 Bg7 43.Kg5 b4 
44.Be1 bxc3 45.bxc3 a4 46.Bd2 a3 47.Kg4 a2 48.Bc1 
a1Q 49.Bd2 Nxc3 50.Bxc3 Qxc3 51.Kg5 
Qg3+ 0-1

[Event "HCL-A2543"]
[Site "www.playchess.de"]
[Date "2006.02.24"]
[Round "24"]
[White "spongebobby"]
[Black "hal1958"]
[WhiteElo "1273"]
[BlackElo "1483"]
[PlyCount "85"]
[Result "1-0"]

1.e4 {hello again, have a nice game}  e5 {and a 
nice game to you too}  2.Nf3 d6 3.Bc4 Be6 4.Bxe6 
fxe6 5.d3 h6 6.Nc3 Nf6 7.O-O Be7 8.Nh4 g5 9.Ng6 
Rg8 10.Nxe7 Qxe7 11.b3 a6 12.Ba3 c5 13.Qf3 b5 
14.Bb2 Nc6 15.Ne2 O-O-O 16.c4 b4 17.Ng3 Rgf8 
18.Qe2 Qf7 19.a3 h5 20.Qe3 h4 21.Ne2 Qh5 22.axb4 
Nxb4 23.Qd2 Rf7 24.Bc3 Ra7 25.f3 Nc6 26.Ra2 Qg6 
27.Rfa1 Nb8 28.Ba5 Rdd7 29.Kf1 Rdb7 30.b4 Nfd7 
31.bxc5 Nxc5 32.Nc1 Nc6 33.Bc3 Nd4 34.Bxd4 exd4 
35.Rb2 Rxb2 36.Qxb2 e5 37.Qb6 Rb7 38.Qc6+ Kb8 
39.Ra5 Rb1 40.Rxc5 Rxc1+ 41.Ke2 Qe6 42.Qb6+ Ka8 
43.Qxa6+ 1-0

[Event "ACL-T164"]
[Site "www.playchess.de"]
[Date "2006.02.24"]
[Round "9"]
[White "Lullo"]
[Black "Status_Quo"]
[WhiteElo "2177"]
[BlackElo "1822"]
[PlyCount "43"]
[Result "1-0"]

1.e4 Nc6 2.d4 d5 3.exd5 Qxd5 {hello :-)}  4.Nf3 
{Hi, have a nice game}  Bg4 {u2}  5.Be2 O-O-O 
6.Be3 e5 7.c4 Qa5+ 8.Bd2 Bb4 9.d5 Bxf3 10.Bxf3 Nd4 
11.Nc3 Nf6 12.a3 Nxf3+ 13.Qxf3 Qa6 14.b3 Rhe8 
15.O-O Bc5 16.Rae1 Kb8 17.Qg3 e4 18.Nb5 Bd6 
19.Qxg7 Reg8 {Help!}  20.Qxf7 {Can I be of any 
help :) ?}  Rd7 {yes, play Qxf7 ;-). Sorry about 
my bad joke.}  21.Qe6 {Sorry, I can only offer you 
mental help.}  Bxh2+ {I feel it is hopeless for me 
already. Even my psychiarist isn't much help ;-)}  
22.Kxh2 1-0

[Event "HCL-E1582"]
[Site "www.playchess.de"]
[Date "2006.02.24"]
[Round "18"]
[White "yannick"]
[Black "gridguy"]
[WhiteElo "1554"]
[BlackElo "1629"]
[PlyCount "31"]
[Result "1-0"]

1.b4 {hi good tournament}  e5 {You, too. Hello 
from Seattle.}  2.Bb2 f6 3.Bc3 d5 4.e3 d4 5.exd4 
exd4 6.Qe2+ Be7 7.Bb2 Nc6 8.b5 Ne5 9.f4 Ng6 10.Qe4 
Qd6 11.g3 Be6 12.Bg2 Rb8 13.f5 Bxf5 {Hmmm... a 
bishop for a pawn... something isn't balancing out 
right.}  14.Qxf5 {I d'ont understand what du you 
mean}  Nh6 {I was just making fun of myself with a 
bad joke. I shouldn't be "trading" a bishop to get 
a pawn! :-)}  15.Qe4 {ok}  Qe5 
16.Bxd4 1-0

[Event "HCL-B3847"]
[Site "www.playchess.de"]
[Date "2006.02.24"]
[Round "20"]
[White "IRONMAIDEN"]
[Black "Russ"]
[WhiteElo "1253"]
[BlackElo "1200"]
[PlyCount "104"]
[Result "1-0"]

1.d4 {Hallo!}  e6 {Hallo}  2.e4 Nf6 3.e5 Ne4 4.Be3 
c5 5.dxc5 Nxc5 6.Bc4 Nc6 7.Nf3 h6 8.O-O a6 9.c3 b5 
10.Bb3 Ne4 11.Nbd2 Ng5 12.a4 Nxf3+ 13.Nxf3 bxa4 
14.Bxa4 Bb7 15.Bxc6 Bxc6 16.b4 d6 17.Ne1 dxe5 
18.Qxd8+ Rxd8 19.Nc2 Be4 20.Na3 Bd6 21.f3 Bd3 
22.Rfd1 e4 23.fxe4 Bxe4 24.Nc4 Ke7 25.Nxd6 Rxd6 
26.Rxd6 Kxd6 27.Rxa6+ Kc7 28.Kf2 Rc8 29.c4 Bb7 
30.Ra7 g5 31.c5 Kb8 32.Ra5 f5 33.Bd4 Rd8 34.Be5+ 
Kc8 35.Bd6 Kd7 36.b5 Be4 37.Ra7+ Kc8 38.b6 Rxd6 
39.cxd6 f4 40.Rc7+ Kd8 41.Rh7 Kc8 42.Rg7 {I did a 
big mistake by moving the rook to h7. Noticed it 
too late. you  didn`t notice it, so I was very 
lucky!}  e5 43.Rc7+ Kd8 44.b7 Bxb7 45.Rxb7 e4 
46.Rb4 e3+ 47.Ke2 Kd7 48.Rd4 h5 49.Kf3 g4+ 50.Kxf4 
e2 51.Re4 Kxd6 52.Rxe2 Kd5 1-0

[Event "HCL-A2471"]
[Site "www.playchess.de"]
[Date "2006.02.24"]
[Round "2"]
[White "Marius_sah"]
[Black "AidyT"]
[WhiteElo "1406"]
[BlackElo "1345"]
[PlyCount "67"]
[Result "1-0"]

1.e4 e5 {Hi and good luck.}  2.Nf3 {Hi. Good 
luck!}  Nc6 3.Bb5 a6 4.Ba4 Nf6 5.O-O Bc5 6.c3 Ba7 
7.d4 d6 8.Bg5 h6 9.Bh4 b5 10.Bc2 O-O 11.Qd3 Bg4 
12.dxe5 dxe5 13.Qxd8 Raxd8 14.Bxf6 gxf6 15.Nbd2 b4 
16.h3 Bxf3 17.Nxf3 bxc3 18.bxc3 Kg7 19.Rad1 Kg6 
20.Nh4+ Kg5 21.Nf5 Rd7 22.Rxd7 {??}  Bb6 {one of 
those days I think!}  23.g3 Na5 24.Bb3 Nxb3 
25.axb3 a5 26.Kg2 Kg6 27.Rfd1 Ra8 28.Ne7+ Kg7 
29.R7d8 Rxd8 30.Rxd8 c5 31.Nf5+ Kg6 32.Rg8+ Kh7 
33.Rg7+ Kh8 34.Rxf7 1-0